| 000 | 00953nam1a22002411i 4500 | ||
|---|---|---|---|
| 001 | rc\493704 | ||
| 005 | 20260406071835.0 | ||
| 035 | _a(NLR Aleph) 005809870 | ||
| 090 |
_a5376936 _c5376936 |
||
| 100 | _a20030616g19889999u |0rusy50 ca | ||
| 101 | 0 | _arus | |
| 102 | _aRU | ||
| 105 | _ay ||||||||| | ||
| 200 | 1 |
_aМеханика промышленных роботов _e[Учеб. пособие для втузов] _eВ 3 кн. _f[Е.И. Воробьев и др.] _gПод ред. К.В. Фролова, Е.И. Воробьева |
|
| 210 |
_aМ. _cВысш. школа _d1988- |
||
| 215 | _d20 | ||
| 702 | 1 |
_4340 _8rus _7ca _aФролов _bК. В. _cд-р техн. наук _f1932-2007 _gКонстантин Васильевич _3RU\NLR\AUTH\7729062 _912091 |
|
| 702 | 1 |
_aВоробьев _bЕ.И. _gЕвгений Иванович _4220 |
|
| 801 | 0 |
_aRU _bNLR _gpsbo |
|
| 801 | 1 |
_aRU _bELAR _2rusmarc |
|
| 852 |
_aNLR _j89-3/1032 |
||
| 942 | _cBOOK | ||